State Policies on Immigrant Eligibility for Temporary Assistance for Needy Families (TANF).

Examines State policies regarding legal permanent resident and other noncitizen eligibility for Federal public assistance provided under the Temporary Assistance for Needy Families (TANF) program. Provides background on current Federal eligibility policy, outlines State options under TANF, and revie...

Full description

Bibliographic Details
Corporate Authors: Library of Congress. Congressional Research Service, ProQuest (Firm)
Format: eBook
Language:English
Published: [Place of publication not identified] : [publisher not identified], 2004.
Series:U.S. Congressional Research.
Subjects:
Online Access:Connect to the full text of this electronic book

MARC

Tag First Indicator Second Indicator Subfields
LEADER 00000cam a22000001a 4500
001 in00003302016
006 m d f
007 cr bn mmmapmmp
008 101101s2004 dcu o f000 0 eng d
005 20260429181418.7
035 |a cis2007843664 
040 |a ProQuest  |c ProQuest  |d UtOrBLW 
043 |a n-us--- 
099 |a CRS-2004-DSP-0337 
110 2 |a Library of Congress.  |b Congressional Research Service. 
245 1 0 |a State Policies on Immigrant Eligibility for Temporary Assistance for Needy Families (TANF). 
264 1 |a [Place of publication not identified] :  |b [publisher not identified],  |c 2004. 
300 |a 1 online resource. 
336 |a text  |b txt  |2 rdacontent 
337 |a computer  |b c  |2 rdamedia 
338 |a online resource  |b cr  |2 rdacarrier 
500 |a Record is based on bibliographic data in ProQuest U.S. Congressional Research Digital Collection (last viewed Nov. 2010). Reuse except for individual research requires license from ProQuest, LLC. 
500 |a CRS Report. 
520 |a Examines State policies regarding legal permanent resident and other noncitizen eligibility for Federal public assistance provided under the Temporary Assistance for Needy Families (TANF) program. Provides background on current Federal eligibility policy, outlines State options under TANF, and reviews recent trends in noncitizen receipt of TANF. Includes tables. 
500 |a Electronic resource. 
610 2 0 |a Temporary Assistance for Needy Families (Program) 
650 0 |a Aliens. 
650 0 |a Social security. 
655 7 |a Electronic books.  |2 local 
710 2 |a ProQuest (Firm) 
776 0 8 |i Microfiche version:   |a Library of Congress. Congressional Research Service.  |t State Policies on Immigrant Eligibility for Temporary Assistance for Needy Families (TANF) 
830 0 |a U.S. Congressional Research. 
856 4 0 |u http://proxy.library.tamu.edu/login?url=https://congressional.proquest.com/congcomp/getdoc?CRDC-ID=CRS-2004-DSP-0337  |z Connect to the full text of this electronic book  |t 0 
999 |a MARS 
999 f f |s fd8afc20-1e61-3ccc-abf1-138ecc44cefc  |i 0f864614-57da-387c-927b-ff9141da45e6  |t 0 
952 f f |a Texas A&M University  |b College Station  |c Electronic Resources  |s www_evans  |d Available Online  |t 0  |e CRS-2004-DSP-0337  |h Other scheme 
998 f f |a CRS-2004-DSP-0337  |t 0  |l Available Online